[Event "Titled Tuesday intern op 12th Mar Late"]
[Site "Chess.com INT"]
[Date "2024.03.12"]
[Round "7"]
[White "Duda, Jan Krzysztof"]
[Black "Yoo, Christopher Woojin"]
[Result "1/2-1/2"]
[WhiteElo "2731"]
[BlackElo "2583"]
[PlyCount "86"]
[EventDate "2024.03.12"]
[EventType "swiss (blitz)"]
[EventRounds "11"]
[EventCountry "USA"]
[SourceTitle "CB12_2024"]
[SourceDate "2023.10.01"]
[SourceVersion "1"]
[SourceVersionDate "2023.10.01"]
[SourceQuality "1"]

1. e4 Nc6 2. d4 d6 3. Nf3 Nf6 4. c3 e5 5. Bd3 Bg4 6. d5 Nb8 7. h3 Bxf3 8. Qxf3 Nbd7 9. c4 g6 10. Nc3 h5 11. Bc2 Bh6 12. Bxh6 Rxh6 13. Qe3 Rh8 14. a3 Kf8 15. b4 a5 16. 0-0 Kg7 17. c5 axb4 18. axb4 Qe7 19. c6 bxc6 20. dxc6 Nb6 21. Bb3 Rhb8 22. Ra5 Nc8 23. Bc4 Qd8 24. Rfa1 Ne7 25. b5 Rxa5 26. Rxa5 d5 27. Nxd5 Nfxd5 28. exd5 Qd6 29. Qa7 Rb6 30. Ra6 Nc8 31. Qa8 Rxa6 32. bxa6 Nb6 33. Qb7 Nxc4 34. a7 Nb6 35. Qxb6 cxb6 36. a8Q Qxd5 37. Qc8 Qd1+ 38. Kh2 Qd4 39. Qd7 Qf4+ 40. Kg1 Qc1+ 41. Kh2 Qf4+ 42. Kg1 Qc1+ 43. Kh2 Qf4+ 1/2-1/2

[Event "Titled Tuesday intern op 12th Mar Early"]
[Site "Chess.com INT"]
[Date "2024.03.12"]
[Round "1"]
[White "Sethuraman, Sandeep"]
[Black "Duda, Jan Krzysztof"]
[Result "0-1"]
[WhiteElo "2381"]
[BlackElo "2731"]
[PlyCount "80"]
[EventDate "2024.03.12"]
[EventType "swiss (blitz)"]
[EventRounds "11"]
[EventCountry "USA"]
[SourceTitle "CB12_2024"]
[SourceDate "2023.10.01"]
[SourceVersion "1"]
[SourceVersionDate "2023.10.01"]
[SourceQuality "1"]

1. d4 Nf6 2. c4 g6 3. g3 Bg7 4. Bg2 0-0 5. Nc3 Nc6 6. Nf3 d5 7. cxd5 Nxd5 8. 0-0 e5 9. Nxd5 e4 10. e3 Qxd5 11. Nd2 f5 12. f3 exf3 13. Bxf3 Qb5 14. Qb3+ Qxb3 15. Nxb3 Re8 16. Bd2 Bh6 17. Kf2 Nd8 18. Rac1 c6 19. Na5 Nf7 20. h4 Nd6 21. Nc4 Ne4+ 22. Bxe4 Rxe4 23. d5 Bd7 24. Nd6 Re5 25. Nxb7 Rxd5 26. Bc3 Re8 27. Rfe1 c5 28. Na5 Bb5 29. b3 Rd3 30. Rc2 Bxe3+ 31. Kg2 Kf7 32. Nc4 Bxc4 33. bxc4 Re4 34. Ba5 Bd4 35. Rce2 Ra3 36. Rxe4 fxe4 37. Bc7 Rxa2+ 38. Kh3 e3 39. Bf4 e2 40. Kg4 Bc3 0-1

[Event "Titled Tuesday intern op 27th Feb Late"]
[Site "Chess.com INT"]
[Date "2024.02.27"]
[Round "6"]
[White "Hakobyan, Aram"]
[Black "Duda, Jan Krzysztof"]
[Result "0-1"]
[WhiteElo "2619"]
[BlackElo "2732"]
[PlyCount "84"]
[EventDate "2024.02.27"]
[EventType "swiss (blitz)"]
[EventRounds "11"]
[EventCountry "USA"]
[SourceTitle "CB10_2024"]
[SourceDate "2024.03.06"]
[SourceVersion "1"]
[SourceVersionDate "2024.03.06"]
[SourceQuality "1"]

1. d4 Nf6 2. c4 g6 3. Nc3 d5 4. cxd5 Nxd5 5. e4 Nxc3 6. bxc3 Bg7 7. Nf3 c5 8. Bb5+ Bd7 9. Bxd7+ Qxd7 10. 0-0 0-0 11. Rb1 Nc6 12. Be3 Na5 13. Qe2 Rac8 14. d5 Qa4 15. Bg5 e6 16. Be7 Rfe8 17. d6 b6 18. Qb5 Qxb5 19. Rxb5 Nc6 20. d7 Nxe7 21. Rd1 Bxc3 22. Rb3 Bg7 23. Rbd3 Nc6 24. Rd6 Red8 25. dxc8Q Rxc8 26. Rc1 Rc7 27. Kf1 Kf8 28. a3 Bb2 29. Rc2 Bxa3 30. e5 Ke7 31. Rd1 b5 32. Re1 Bb4 33. Re4 a5 34. Ng5 h6 35. Nf3 a4 36. Ne1 Rd7 37. Ke2 Nd4+ 38. Rxd4 Rxd4 39. Nd3 a3 40. Nxc5 Rc4 41. Rxc4 bxc4 42. Na6 a2 0-1

[Event "Titled Tuesday intern op 13th Feb Late"]
[Site "Chess.com INT"]
[Date "2024.02.13"]
[Round "1"]
[White "Davidson, Kevin"]
[Black "Duda, Jan Krzysztof"]
[Result "0-1"]
[WhiteElo "2154"]
[BlackElo "2732"]
[PlyCount "60"]
[EventDate "2024.02.13"]
[EventType "swiss (blitz)"]
[EventRounds "11"]
[EventCountry "USA"]
[SourceTitle "CB08_2024"]
[SourceDate "2024.02.21"]
[SourceVersion "1"]
[SourceVersionDate "2024.02.21"]
[SourceQuality "1"]

1. e4 d5 2. exd5 Qxd5 3. Nc3 Qe5+ 4. Be2 Bg4 5. d4 Bxe2 6. Ngxe2 Qh5 7. d5 Nf6 8. 0-0 c6 9. Nf4 Qf5 10. Re1 g5 11. dxc6 Nxc6 12. Nfd5 0-0-0 13. g4 Nxg4 14. Qe2 e6 15. Ne3 Nxe3 16. Bxe3 Bb4 17. Qc4 Kb8 18. Rad1 Qxc2 19. Rxd8+ Rxd8 20. a3 Bxc3 21. Qxc3 Qxc3 22. bxc3 e5 23. Kg2 f6 24. Rb1 Kc7 25. Kf3 Rd3 26. h4 Rxc3 27. hxg5 fxg5 28. Rh1 b6 29. Rxh7+ Kd6 30. Ke4 Rc4+ 0-1